000 00662nam a2200253Ia 4500
001 Para_6635
003 CHAP
008 220125s1984 xx 000 0 und d
010 _a205455
040 _cCHAP
090 _aPA FOLLETO 635
110 _aStation de Pytopharmacie, Versalles
_9171483
245 _aMode d'action des herbicides /
_c Station de Phytopharmacie Versalles
260 _aParis :
_b INRA
300 _a1 h.
650 _aHerbicidas
_953691
901 _aPA FOLLETO 635
902 _aA
905 _a0000001984 0000000000 00
910 _a1984
942 _cPARA
942 _cPARA
_d1
999 _c205455
_d205455